| 000 | 01053cam a2200301 a 4500 | ||
|---|---|---|---|
| 001 | 16128838 | ||
| 003 | OSt | ||
| 005 | 20180116192418.0 | ||
| 008 | 100310s2011 njua b 001 0 eng | ||
| 010 | _a 2010010528 | ||
| 020 | _a9781856696944 (hardcover : alk. paper) | ||
| 020 | _a0205728502 (hardcover : alk. paper) | ||
| 035 | _a(OCoLC)ocn557406920 | ||
| 040 |
_aDLC _cDLC _dYDX _dYDXCP _dDLC |
||
| 050 | 0 | 0 |
_aNK1175 _b.R35 2011 |
| 082 | 0 | 0 |
_a745.409 _222 |
| 100 | 1 |
_aRaizman, David. _96955 |
|
| 245 | 1 | 0 |
_aHistory of modern design / _cDavid Raizman. |
| 250 | _a2nd ed. | ||
| 260 |
_aUpper Saddle River, N.J. : _bPearson Prentice Hall, _c2010. |
||
| 300 |
_a432 p. : _bill. (some col.) ; _c30 cm. |
||
| 504 | _aIncludes bibliographical references and index. | ||
| 650 | 0 |
_aDesign _xHistory. _96956 |
|
| 906 |
_a7 _bcbc _corignew _d1 _eecip _f20 _gy-gencatlg |
||
| 942 |
_2ddc _cBK |
||
| 999 |
_c353796 _d353796 |
||